| 000 | 02019nam a22003134i 4500 | ||
|---|---|---|---|
| 999 |
_c64385 _d64385 |
||
| 001 | 768714001 | ||
| 003 | CO-MdFUSB | ||
| 005 | 20180815074624.0 | ||
| 008 | 030314s1995 ck r 001 0 spa d | ||
| 020 | _a9586078175 | ||
| 040 |
_aCO-BoPUV _bspa _erda _cCO-MdFUSB _dCO-MdFUSBC |
||
| 041 | _aspa | ||
| 082 | 0 | 4 |
_a226.5 _bSE496 _223 |
| 100 | 1 |
_aSeubert, Augusto _eautor |
|
| 245 |
_aComo entender los mensajes del evangelio de Juan _c/ Augusto Seubert |
||
| 264 | 1 |
_aBogota, Colombia : _bSan Pablo, _c℗[1995] |
|
| 264 | 4 | _c©1995 | |
| 300 |
_a168 páginas ; _c21 cm |
||
| 336 |
_atexto _btxt _2rdacontent |
||
| 337 |
_asin mediación _bn _2rdamedia |
||
| 338 |
_avolumen _bnc _2rdacarrier |
||
| 504 | _aIncluye referencias bibliográficas (página167) | ||
| 505 |
_aJn 1, 1-18: se introduce el evangelio -- Jn 2, 13-22: el templo viejo sustituido Cristo, el nuevo templo -- Jn 3: Nicodemo, el hombre viejo necesita renacer -- Jn 4: la samaritana, la misión cristiana en Samaria -- Jn 4, 43-54: la segunda señal, Cristo, dador de vida -- Jn 5: el paralítico, la esperanza frustrada -- Jn 6: el pan de vida que siempre sobra -- Jn 7-8: los conflictos entre cristianos y judíos contrarios -- Jn 7-8: la fiesta de las chozas, manifestación de Cristo -- Jn 8, 1-11: un problema de adulterio -- Jn 9: el ciego de nacimiento renace -- Jn 10: Jesús, el buen pastor -- Jn 11: Lázaro, los muertos que no mueren -- Jn 11: la muerte se acerca -- Jn 13: amor y servicio traicionados -- Jn 13, 31-14, 31: Cristo se despide; se va pero vuelve -- Jn 15: la vid verdadera -- Jn 16: los últimos consejos -- Jn 17: la oración final de Jesús -- Jn 18-19: llega la hora -- Jn 20: Jesus de Nazaret, ¡presente! -- Jn 21: la pesca fracasada se convierte en éxito -- Conclusiones -- Apéndice _tCarta a los lectores. -- _tl. El libro de los signos _tll. El libro d la gloria discursos de despedida. |
||
| 563 | _aTapa rústica | ||
| 630 | 0 | 7 |
_aBiblia. _vJuan |
| 942 | _cBK | ||